| 000 | 00605nam a22001937a 4500 | ||
|---|---|---|---|
| 003 | 0 | ||
| 005 | 20230925120401.0 | ||
| 008 | 230925b xxu||||| |||| 00| 0 eng d | ||
| 020 | _a978-0-85783-410-2 | ||
| 050 |
_aPE 1580 _b.F63 2006 |
||
| 100 | _aFlavell, Linda | ||
| 245 |
_aDictionary of word origins _cLinda Flavell |
||
| 260 |
_aLondon _bKyle Books _cc2006. |
||
| 300 |
_aix, 277 pages ; _c20cm. |
||
| 500 | _aEnglish language—Etymology—Dictionaries. | ||
| 504 | _aIncludes bibliographical references and index. | ||
| 650 | _aEnglish language—Etymology—Dictionaries | ||
| 942 |
_2lcc _cBK |
||
| 999 |
_c365377 _d365377 |
||